[Event "76th Tata Steel it"]
[Site "Wijk aan Zee NED"]
[Date "2014.01.11"]
[Round "1"]
[White "Rapport, Richard"]
[Black "So, Wesley"]
[Result "0-1"]
[WhiteElo "2691"]
[BlackElo "2719"]
[EventDate "2014.01.11"]
[PlyCount "112"]

1. b3 e5 2. Bb2 Nc6 3. e3 Nf6 4. Bb5 Bd6 5. Na3 a6 6. Bxc6 dxc6 7. Nc4 Qe7 8. Ne2 b5 9. Nxd6+ cxd6 10. a4 b4 11. O-O O-O 12. Ng3 Nd5 13. f4 f6 14. a5 c5 15. fxe5 fxe5 16. Rxf8+ Qxf8 17. Qe2 Qe7 18. Qd3 Bb7 19. Rf1 Qd7 20. Qc4 Kh8 21. Qh4 Qe6 22. Qe4 Bc6 23. Qf5 Qe7 24. Ne4 Rd8 25. h4 Kg8 26. h5 Bd7 27. Qf3 Bb5 28. d3 h6 29. Ng3 Qe6 30. Nf5 Ne7 31. Nh4 Bd7 32. e4 Re8 33. Bc1 Kh7 34. Nf5 Nxf5 35. exf5 Qf6 36. Qb7 Bb5 37. Qe4 d5 38. Qxd5 e4 39. Bf4 exd3 40. cxd3 Re2 41. Qf3 Qd4+ 42. Kh2 Qxd3 43. Qg4 Rxg2+ 44. Qxg2 Qxf1 45. Qg6+ Kh8 46. Bxh6 Qf2+ 47. Kh1 Qe1+ 48. Kh2 Qe5+ 49. Kh1 gxh6 50. Qxh6+ Kg8 51. Qg6+ Qg7 52. Qe6+ Qf7 53. Qc8+ Qf8 54. Qe6+ Qf7 55. Qc8+ Qe8 56. Qxc5 Qc6+ {It is always nice and important to start a tournament with a win (specially with the Black pieces). This game helped me to be ready mentally for the tough games in Tata Steel.} 0-1